00259 a2200109 4500001000700000020000600007040001100013100002100024240005000045245004500095362000900140168206 a  cMagnum aBienfait, Marcel10aAs bases da fisiologia da terapia manuallpor10aAs bases da fisiologia da terapia manual0 a1899